000 00449nam a2200169Ia 4500
003 GCL
008 140319s9999 xx 000 0 ara d
040 _aGCL /
_cGCL
082 0 4 _a814
_bم و
100 1 _aمحمود السعدنى
245 1 0 _a"وداعا"" للطواجن" /
_cمحمود السعدنى
300 _a111 ص
490 _a
650 0 4 _aالادب العربى
650 0 4 _aالمقالات العربية
942 _2ddc
_cBK
999 _c45148
_d45148